| 000 | 00789nam a22001577a 4500 | ||
|---|---|---|---|
| 003 | OSt | ||
| 005 | 20151005083837.0 | ||
| 008 | 151005b xxu||||| |||| 00| 0 eng d | ||
| 040 | _cRUA | ||
| 082 | _aAVM ROS 2004 B074 Or.6 | ||
| 100 |
_92015 _aROS, VA. |
||
| 245 | _aeffect of using rubber seed in feed ingredient on growth raatae of pigs at sreysanthor district, kampongcham province ( ឥទ្ធិពលនៃការប្រើប្រាស់គ្រាប់កៅស៊ូក្នុងចំណីផ្សំទៅលើការលូតលាស់របស់ជ្រូកសាច់ នៅស្រុកស្រីសន្ធរ ខេត្តកំពង់ចាម) | ||
| 260 |
_aPhnom Penh _bRUA _c2004 |
||
| 300 |
_avii, 39p. _bill. _c29cm. |
||
| 942 |
_2ddc _cAVM |
||
| 999 |
_c1904 _d1904 |
||